00370cam a22001217a 4500008004000000020001500040082001600055245006400071260004700135300001000182650003900192700001700231180718b1997 xxu||||| |||| 00| 0 eng d a8185131090 aP95173 Sh23 aHandbook of Indian research journalscedited by H.D. Sharma aVaranasibIndian Bibliogrphic Centrec1997 a274p. aPeriodicals, Publishing of - India aSharma, H.D.